Statistics for Unwritten - Natasha Bedingfield (Lyrics)

Click here to take the quiz!

General Stats

  • This quiz has been taken 72 times
  • The average score is 188 of 238

Answer Stats

Answer% Correct
I
100%
the
98%
unwritten
98%
blank
94%
can
94%
in
94%
am
92%
at
92%
you
92%
your
92%
before
90%
for
90%
it
90%
on
90%
open
90%
page
90%
staring
90%
up
90%
window
90%
dirty
88%
distance
85%
let
85%
my
85%
so
85%
words
85%
almost
83%
can't
83%
close
83%
feel
83%
illuminate
83%
no
83%
sun
83%
rain
81%
reaching
81%
release
81%
skin
81%
something
81%
taste
81%
else
79%
I'm
79%
lips
79%
one
79%
only
77%
speak
77%
that
77%
is
75%
mind
75%
rest
75%
still
75%
to
75%
undefined
69%
unspoken
69%
find
67%
read
67%
inhibitions
65%
just
65%
wide
65%
life
63%
live
63%
today
63%
with
63%
beginning
60%
cannot
60%
arms
58%
begins
58%
hand
58%
where
58%
yourself
58%
book
54%
unplanned
54%
ending
52%
oh
50%
pen's
48%
break
44%
but
44%
outside
44%
tradition
44%
way
44%
not
42%
sometimes
42%
yeah
42%
are
40%
lines
35%
make
33%
tries
33%
mistakes
31%
been
29%
conditioned
27%
drench
27%
we've
27%

Score Distribution

Percentile by Number Answered

Percent of People with Each Score

Your Score History

You have not taken this quiz